000 00353nam a2200133Ia 4500
008 240624s9999 xx 000 0 und d
041 _aeng
082 _a331 SAR
100 _aSARMA A M
245 _aINDUSTRIAL RELATIONS CONCEPTUAL AND LEGA
260 _c2007
_aNew Delhi
_bHimalaya Publishing House
300 _a474 : p. : cm. ; 22
365 _cRS
_b25
999 _c13517
_d13517